<?xml version="1.0" encoding="UTF-8"?>
<marc:record xmlns:marc="http://www.loc.gov/MARC21/slim">
   <marc:leader>00000nam a2200000 a 4500</marc:leader>
   <marc:datafield ind1="1" ind2=" " tag="100">
      <marc:subfield code="a">Macri, Thomas</marc:subfield>
      <marc:subfield code="4">aut</marc:subfield>
      <marc:subfield code="e">Verfasser/-in</marc:subfield>
   </marc:datafield>
   <marc:datafield ind1=" " ind2=" " tag="653">
      <marc:subfield code="a">Amerika</marc:subfield>
   </marc:datafield>
   <marc:datafield ind1=" " ind2=" " tag="653">
      <marc:subfield code="a">Avengers</marc:subfield>
   </marc:datafield>
   <marc:datafield ind1=" " ind2=" " tag="653">
      <marc:subfield code="a">Thor</marc:subfield>
   </marc:datafield>
   <marc:datafield ind1=" " ind2=" " tag="653">
      <marc:subfield code="a">Iron Man</marc:subfield>
   </marc:datafield>
   <marc:datafield ind1=" " ind2=" " tag="653">
      <marc:subfield code="a">Hulk</marc:subfield>
   </marc:datafield>
   <marc:datafield ind1="0" ind2="0" tag="245">
      <marc:subfield code="a">Marvel Avengers - Wie alles begann</marc:subfield>
   </marc:datafield>
   <marc:datafield ind1="0" ind2="0" tag="245">
      <marc:subfield code="b">; das Buch zum Film [Marvel - Filmbuch - Reihe, Band 3]</marc:subfield>
   </marc:datafield>
   <marc:datafield ind1=" " ind2="1" tag="264">
      <marc:subfield code="b">cbj</marc:subfield>
      <marc:subfield code="c">2020</marc:subfield>
   </marc:datafield>
   <marc:datafield ind1="1" ind2=" " tag="490">
      <marc:subfield code="a">Marvel - Filmbuch - Reihe</marc:subfield>
   </marc:datafield>
   <marc:datafield ind1="1" ind2=" " tag="520">
      <marc:subfield code="a">Avengers - Wie alles begann Die Welt wird von einem Feind bedroht, den niemand allein besiegen kann. Also macht sich Nick Fury, Direktor des Geheimdienstes S.H.I.E.L.D., daran, die mächtigsten Helden der Erde zusammenzubringen: die Avengers! Die Superhelden Iron Man, Captain America, Thor, der unglaubliche Hulk, Black Widow und Hawkeye treten schließlich gegen den Trickster Loki an, der einen bösen Plan verfolgt, um über die Menschheit zu herrschen. Nur gemeinsam kann es den Avengers gelingen, die Welt zu retten. Der Start der actiongeladenen Avengers-Reihe mit farbigen Filmfotos, altersgerecht erzählt für Kinder ab 10 Jahren. Basiert auf den weltweit erfolgreichen Filmen Iron Man, Der unglaubliche Hulk, Iron Man 2, Thor, Captain Amercia: The First Avenger und MarvelÆs The Avengers.</marc:subfield>
   </marc:datafield>
   <marc:datafield ind1=" " ind2=" " tag="020">
      <marc:subfield code="a">9783570177976</marc:subfield>
      <marc:subfield code="9">9783570177976</marc:subfield>
   </marc:datafield>
</marc:record>
